'Alice in Wonderland' First 200 Words Quiz Stats

 Plays Quiz Updated Nov 7, 2016

Challenge
Share
Tweet
Embed
Score 0/200 Timer 15:00
1 Play Today
% Correct
a
94%
a
94%
a
94%
a
93.9%
I
89.6%
the
87.9%
the
87.9%
the
87.9%
the
87.9%
the
87.9%
the
87.9%
the
87.9%
the
87.9%
the
87.9%
the
87.9%
the
87.9%
Alice
85.4%
Alice,
85.4%
Alice
85.4%
Alice
85.1%
in
78.3%
in
78.3%
in
78.3%
was
76.1%
was
76.1%
was
76.1%
was
76.1%
to
72%
to
72%
to
72%
to
72%
to
71.8%
to
71.8%
to...
71.8%
and
69.6%
'and
69.6%
and
69.6%
and
69.6%
and
69.5%
and
69.5%
rabbit
69.1%
Rabbit
69.1%
Rabbit
68.7%
it
68.5%
it,
68.5%
it
68.5%
it
68.2%
it
68.2%
it
68.2%
it,
68.2%
on
68.1%
on,
67.9%
be
67.8%
be
67.8%
she
67.3%
she
67.3%
she
67.3%
she
67.1%
she
67.1%
her
65.7%
her
65.7%
her
65.7%
her
65.7%
her.
65.7%
of
65.6%
of
65.6%
of
65.6%
% Correct
of
65.6%
of
65.6%
of
65.6%
her
65.3%
of
65.3%
is
65.2%
no
64.6%
do:
62.2%
white
60.5%
for
54.4%
what
54.2%
So
53.6%
so
53.6%
so
53.6%
when
53.3%
when
53%
at
51.4%
at
51.4%
at
51.4%
There
49.1%
with
48.7%
very
48.6%
very
48.6%
very
48.6%
very
48.6%
too
48.6%
late!'
48.3%
watch
47.6%
as
47%
that;
47%
(when
46.9%
by
46.9%
by
46.9%
then
46.6%
that
46.5%
had
46%
had
46%
or
45.7%
or
45.7%
or
45.7%
sister
45.3%
sister
45.3%
out
45.1%
out
44.8%
but
44.5%
but
43.9%
but
43.9%
its
43.2%
could,
42.2%
book
42.2%
book,'
42.2%
(as
42.1%
ran
42.1%
sitting
41.2%
pocket,
40.9%
tired
40.9%
thought
40.2%
up
39.9%
reading,
39.4%
thought
39.3%
time
39.3%
would
38.9%
looked
38.8%
get
37.2%
did
36.9%
day
36.1%
this,
35.9%
% Correct
all
35.3%
say
34.9%
have
34.5%
nothing
33.9%
nothing
33.9%
beginning
32.3%
think
32.2%
took
31.6%
pictures
29.8%
pictures
29.8%
hear
29.7%
shall
28.7%
'without
28.6%
'Oh
28.1%
Oh
28.1%
over
27%
having
27%
into
26.8%
waistcoat-
26.7%
once
26.5%
bank,
26%
much
25.6%
use
25.2%
sleepy
24.9%
feel
24.7%
made
24.7%
nor
24.3%
way
24.3%
suddenly
23.7%
dear!
23.1%
dear!
23.1%
seemed
23%
eyes
22.9%
own
22.2%
well
21%
mind,
20.6%
hot
20.1%
itself,
19.1%
close
18.4%
twice
18.3%
hurried
17.1%
pink
17.1%
chain
17%
getting
16.8%
quite
16.6%
conversations?'
15.4%
conversations
15.4%
making
15.2%
daisy-
14.8%
started
14.8%
ought
14.2%
wondered
14%
occurred
13.7%
worth
12.9%
peeped
12.7%
daisies,
12.5%
picking
12.4%
whether
12.4%
trouble
12.3%
stupid,)
12%
considering
10.9%
afterwards,
11%
remarkable
10.8%
pleasure
10.7%
natural);
9.8%
actually
8.3%

You're not logged in!

Compare scores with friends on all Sporcle quizzes.
Join for Free
OR
Log In

You Might Also Like...

Show Comments

Extras

Top Quizzes Today


Score Distribution

Your Account Isn't Verified!

In order to create a playlist on Sporcle, you need to verify the email address you used during registration. Go to your Sporcle Settings to finish the process.

Report this User

Report this user for behavior that violates our Community Guidelines.

Details: